000 00647cam a2200181 4500
001 WB3623-02
008 000000n2000 000 0 eng u
035 _a(Sirsi) u106489
245 2 _aA wobble too far
260 _c2000
490 _aFinancial Times
_v 15 June 2000, 17(2)
520 _aEngineers have been trying to find the cause of the swaying in the Millennium Bridge. A team of nine specialists have ordered equipment to analyse the stucture, but the bridge is not expected to reopen for a long time.
590 _aWB
650 _aMILLENNIUM BRIDGE
650 _aSTRUCTURAL ENGINEERS
690 _aBUILT ENVIRONMENT
942 _n0
999 _c63793
_d63793